Allgemeinwissen - Schnelles Denken - Statistiken

Allgemein
  • Dieses Quiz wurde 23.834 mal gespielt
    21.038 seit der letzten Aktualisierung
  • Das Durchschnittsergebnis liegt bei 10 aus 20
Antwortstatistiken
Hinweis Antwort % Korrekt
Hauptstadt von Italien Rom
65%
11 + 11 + 11 33
64%
Tier, das quakt Ente / Frosch
64%
5 x 5 25
63%
Hauptstadt von Deutschland Berlin
62%
Größte Stadt Deutschlands Berlin
61%
Womit Hexen fliegen Besen
61%
Was Aladdins Teppich kann Fliegen
61%
Land, aus dem Sushi stammt Japan
61%
Die Tasten eines Klaviers sind weiß und … Schwarz
61%
Land, das an Portugal grenzt Spanien
61%
Ein Hundebaby ist ein ... Welpe
61%
Anzahl der Monate in einem Schaltjahr 12
60%
120 geteilt durch 3 40
60%
7 mal 7 49
60%
Zahl genau in der Mitte zwischen 0 und 100 50
60%
Die Zahl 1 ausgeschrieben Eins
60%
Aktuelle Währung Deutschlands Euro
60%
Gruselfest am 31. Oktober Halloween
60%
Körperteil von Pinocchio, das beim Lügen wächst Nase
60%
Ist Mumbai die Hauptstadt von Indien? (Ja oder Nein) Nein
60%
Stadt mit dem Eiffelturm Paris
60%
Quadratwurzel von 16 4
59%
Ein Fünfeck hat so viele Seiten 5
59%
Tier, das Honig macht Biene
59%
Amtssprache in Australien Englisch
59%
Planet, auf dem du dich gerade befindest Erde
59%
Gas, das Luftballons schweben lässt Helium
59%
Tier, das als 'König der Tiere' gilt Löwe
59%
Sein Bruder heißt Luigi und er kämpft gegen Bowser Mario
59%
Buchstabe, der wie ein Kreis aussieht O
59%
Bruder von Mama oder Papa Onkel
59%
Dieses Tier: 🐼 Panda
59%
Die USA haben 50 auf ihrer Flagge Sterne
59%
„Blau“ rückwärts geschrieben ualb
59%
Buchstabe, der wie ein umgedrehtes M aussieht W
59%
Gemüse, bei dem man beim Schneiden weint Zwiebel
59%
Der April hat so viele Tage 30
58%
Was BMW herstellt Autos
58%
Schwächste Schachfigur Bauer
58%
Größtes Land Südamerikas Brasilien
58%
Farbe eines Smaragds Grün
58%
Nachname von Sherlock Holmes
58%
Neu-Delhi ist die Hauptstadt von ... Indien
58%
7. Monat des Jahres Juli
58%
Größtes Land der Welt nach Fläche Russland
58%
Sprache, die in Mexiko überwiegend gesprochen wird Spanisch
58%
Film von 1997 über ein sinkendes Schiff Titanic
58%
Was eine erwachsene Kuh trinkt Wasser
58%
Die ersten fünf Buchstaben des Alphabets (in richtiger Reihenfolge) ABCDE
57%
Erster Buchstabe des griechischen Alphabets Alpha
57%
Wasser, wenn es gefroren ist Eis
57%
Häufige Farbe, die auf -lb endet Gelb
57%
Land unmittelbar südlich der USA Mexiko
57%
Konkurrent von Coca-Cola Pepsi
57%
Die Hälfte von der Hälfte Viertel
57%
Niedrigster Wurf (Augenzahl) mit zwei Würfeln 2
56%
Michael Jordans beste Sportart Basketball
56%
Unglückstag, wenn er auf den 13. fällt Freitag
56%
Gegenteil von schlecht Gut
56%
Was in der Mitte einer Olive oder eines Pfirsichs ist Kern
56%
Was ein König auf dem Kopf trägt Krone
56%
Nachname von Barack und Michelle Obama
56%
2 = Zeigefinger, 3 = Mittelfinger, 4 = Ringfinger
56%
Was eine Schnecke hat, eine Nacktschnecke aber nicht Schneckenhaus
56%
Gegenteil von früh Spät
56%
Nach der Nacht kommt der … Tag
56%
Ameisen haben so viele Beine 6
55%
Größter Kontinent nach Fläche und Bevölkerung Asien
55%
Ein Engel und ein Flugzeug haben zwei ... Flügel
55%
Was auf einem Rasen wächst Gras
55%
Die Website, auf der du dich gerade befindest JetPunk
55%
Macht schlechten Atem und Vampire hassen es Knoblauch
55%
Ein Donut hat eins, ein Golfplatz viele. Was ist es? Loch
55%
Biblische Figur, die eine Arche baute Noah
55%
Wie ein Teich, nur größer See
55%
Kleidungsstück zwischen Fuß und Schuh Socke
55%
Zehn in römischen Ziffern X
55%
1 Kilogramm plus 1 Gramm, in Gramm 1001
54%
Eine Spinne hat so viele Beine 8
54%
3 zum Quadrat 9
54%
Körperteil mit vier Buchstaben, beginnt mit B, endet mit n Bein
54%
Voller Name Deutschlands {Bundesrepublik} Deutschland
54%
Das größte Objekt, das die Erde umkreist Der Mond
54%
Was Thor oder ein Schreiner benutzt Hammer
54%
Organ mit zwei Kammern und zwei Vorhöfen Herz
54%
Wort „violett“ ohne den ersten Buchstaben iolett
54%
Maler der Mona Lisa Leonardo da Vinci
54%
Die Abkürzung "OMG" steht für...? Oh mein Gott
54%
Buchstabe oben links auf den meisten Tastaturen Q
54%
Getrocknete Weintraube Rosine
54%
H steht für Wasserstoff, O für ...? Sauerstoff
54%
1 ist Solo. 2 ist Duo. Was ist 3? Trio
54%
Siedepunkt von Wasser in Grad Celsius 100
53%
Aktueller König des Vereinigten Königreichs Charles
53%
Häufigster Buchstabe im Deutschen E
53%
Dubai hat das höchste ______ der Welt Gebäude
53%
Der Arm hat einen Ellenbogen, das Bein hat ein ... Knie
53%
Wort mit L, das ‚köstlich‘ bedeutet Lecker
53%
Höchster Berg der Welt Mount Everest
53%
Größter Ozean der Welt Pazifik
53%
Ungefähr 3,1415 Pi
53%
Sprache, die in Polen gesprochen wird Polnisch
53%
Roter Edelstein Rubin
53%
Rentier mit roter Nase Rudolph
53%
Koreanische Firma, die das Galaxy-Handy herstellt Samsung
53%
Abkürzung für die Sowjetunion mit fünf Buchstaben UdSSR
53%
„Gegenteil“ von n. Chr. v. Chr.
53%
Oberster Gott der griechischen Götter Zeus
53%
Jahre in einem Jahrtausend 1000
52%
Anzahl der Sekunden in 10 Minuten 600
52%
142 geteilt durch 2 71
52%
Mann ist zu Frau wie Bräutigam zu ... Braut
52%
Was man in einen Toaster steckt Brot
52%
Prinzessin, die 1997 bei einem Autounfall starb Diana
52%
Olympia-Disziplin, bei der eine schwere Kugel geworfen wird Kugel{stoßen}
52%
Entgegengesetzte Richtung von Nordost Südwest
52%
Flüssigkeit in einem Füller Tinte
52%
Anzahl der Buchstaben in 'Fernsehen' 9
51%
Knie gehört zum Bein, ______ gehört zum Arm Ellenbogen
51%
Was Boeing herstellt Flugzeuge
51%
Unsere Galaxie Milchstraße
51%
Farbe, die auf Spanisch „rojo“ heißt Rot
51%
Schnellster Sprinter aller Zeiten Usain Bolt
51%
Höchstes Hochgebirge Zentraleuropas Alpen
50%
Längster Fluss Südamerikas Amazonas
50%
Sonnennächster Planet Merkur
50%
Wort, das mit Q beginnt und mit Z endet Quiz / Quarz
50%
Tier mit drei Buchstaben, erster Buchstabe Y Yak
50%
Anzahl der Wörter in diesem Satz 6
49%
Erster Mensch in der Bibel Adam
49%
Kältester Kontinent Antarktis
49%
Sohn von Onkel oder Tante Cousin
49%
Erstes Wort in diesem Hinweis Erstes
49%
Tabellenkalkulationsprogramm von Microsoft Excel
49%
Filmreihe mit Daniel Radcliffe und Emma Watson Harry Potter
49%
1000 Milliliter Liter
49%
Ben ist zu Benjamin wie Max zu … Maximilian
49%
Sie war mit den sieben Zwergen befreundet Schneewittchen
49%
Südlichstes Land Afrikas (Südlichster Punkt) Südafrika
49%
Was der Grinch stehlen wollte Weihnachten
49%
Element, das sich auf pink reimt Zink
48%
30 % von 200 60
47%
"Grüne Insel" mit dem Nationalheiligen St. Patrick Irland
47%
Wort mit vier Buchstaben, das wie "mehr" klingt Meer
47%
Wort, das auf Mineral-, Oliven- oder Kokos- folgen kann Öl
47%
Bairisches Wort für Hallo oder Tschüss Servus
47%
Wofür Tom die Kurzform ist Thomas
47%
Griechischer Dichter oder Vater bei den Simpsons Homer
46%
Erster Bundeskanzler der BR Deutschland Konrad Adenauer
46%
Größte Stadt an der Themse London
46%
Letzter Buchstabe des lateinischen Alphabets Z
46%
Wenn ABC = 123, dann ist FED? 654
45%
Die meisten Menschen haben zwei, Zyklopen nur eins Auge
45%
Wenn Flüssigkeit verdampft, wird sie chemisch betrachtet zu ... Gas
45%
Buchstaben von LAMPE umstellen für ein anderes Wort Palme / Ampel
45%
Superheld mit dem Sidekick Robin Batman
44%
Wort nach Blech-, Schokoladen- oder Geburtstags- Kuchen
44%
Langstrecken-Laufveranstaltung bei Olympia Marathon
44%
Was ein Geist sagt Buh
43%
Woraus Cinderellas Schuh bestand Glas
43%
Größter Planet im Sonnensystem Jupiter
43%
Karte, die einen König beim Poker übertrifft Ass
42%
Farbe, die das Gefieder eines Flamingos durch Ernährung annehmen kann Rosa
42%
Clark Kent mit Umhang Superman
42%
Heinrich VIII. hatte sechs davon Ehefrauen
41%
Wesen mit dem Oberkörper einer Frau, Unterkörper eines Fisches Meerjungfrau
41%
Erstes Element im Periodensystem Wasserstoff
41%
Vorletzter Buchstabe des lateinischen Alphabets Y
41%
Jahr der ersten Mondlandung 1969
40%
Was man in einer Butterfass macht Butter
40%
Jalapeño, Chipotle oder Poblano sind Unterarten der… Paprika
40%
Untere Hälfte eines Zentauren Pferd
40%
Größte Stadt Kanadas Toronto
40%
Farbe, die Licht in allen Wellenlängen reflektiert Weiß
40%
Elton Johns Instrument Klavier
39%
Was eine Biene oder eine Qualle machen kann Stechen
39%
Buchstabe, der in der Schriftsprache meist auf Q folgt U
39%
Sprache, die in Ägypten gesprochen wird Arabisch
38%
Was Peter Pan nie sein wird Erwachsen
38%
Tier, das „huuh“ macht Eule
38%
Buchstaben von TEAM umstellen für etwas Lebensnotwendiges Atem
37%
Typische Abschiedsformel in formellen Briefen Mit freundlichen Grüßen
37%
Größtes Landtier Giraffe
36%
Nächster Stern zur Erde Sonne
36%
Größte Kaffeehauskette der Welt Starbucks
35%
Armee ist zu Land wie ___ zur See Marine
34%
Langform von Auto Automobil
33%
Härtestes natürliches Mineral Diamant
33%
Wofür das C in CEO steht Chief
30%
Sport mit Strikes und Rinnen Bowling
29%
Gegenteil von Mittag Mitternacht
29%
150 Jahre vor 2023 1873
28%
Dreistellige Gewinnzahl beim Spielautomaten 777
28%
Weihnachtsfigur, deren Name ein Anagramm von Satan ist Santa
27%
Häufigstes Wort im Deutschen Der / Die / Das
25%
Teil eines Hais, der über Wasser sichtbar ist Finne
24%
Französische Spielkarte mit Gesicht, aber kein Bube, Dame, König Joker
23%
Sternförmige Form von festem Niederschlag Schneeflocke
15%
Meerestier mit 5 nachwachsenden Armen Seestern
15%
Keine übereinstimmenden Quizze gefunden
Verteilung der Resultate
Anzahl Personen mit jedem Resultat
Perzentil nach korrekt beantworteten Fragen
Ihre Resultats-Entwicklung
Sie haben dieses Quiz seit der letzten Aktualisierung nicht gespielt